000 00856aam a2200313 i 4500
001 768714001
003 CO-MdFUSB
005 20250510123423.0
007 ta
008 250510t1983 sp |||| |||| 00| 0 spa d
020 _a84-7228-681-9
040 _cCO-MdFUSB
041 0 _aspa
082 0 4 _223
_a243
_bE349g
100 1 _aEims, LeRoy
_eautor
240 _aWinning ways
245 1 0 _aGanando almas para Cristo
_c/ LeRoy Eims ; traducido por Jorge Vila
264 1 _bClie,
_aTerrassa, Barcelona, España :
_c[1983]
264 4 _c©1983
300 _a165 páginas
336 _atexto
_btxt
_2rdacontent
337 _2rdamedia
_asin mediación
_bn
338 _2rdacarrier
_avolumen
_bnc
563 _aRústico
650 0 _aEvangelización
_9362
700 _aSans Vila, Jorge,
_99761
_etraductor
942 _cBK
945 _aJTF-925
999 _c35670
_d35670